| 000 | 00878cab a2200229 4500 | ||
|---|---|---|---|
| 001 | ##L133818 | ||
| 008 | 060612n2006 000 0 eng u | ||
| 035 | _a(Sirsi) u133818 | ||
| 041 | 0 | _aeng | |
| 100 | 1 | _aBarrett, Claer | |
| 245 | 0 | 0 |
_aScotland _bregional |
| 260 | _c2006 | ||
| 490 | 0 |
_aProperty Week _v71(23) 9 June 2006, 75-96(10) |
|
| 520 | _aLooks at plans for mixed-use redevelopment of the unattractive St James shopping and office complex in Edinburgh; the Scottish Property Convention, which discussed land value tax and supercasinos; investment in office schemes in Glasgow; and industrial redevelopment in Glasgow's neglected east end. | ||
| 590 | _aIKA200606 | ||
| 651 | 4 |
_aScotland _y1999- |
|
| 651 | 4 | _aEDINBURGH | |
| 651 | 4 | _aGLASGOW | |
| 690 | _aPROPERTY-COMMERCIAL PROPERTY-COMMERCIAL PROPERTY MARKET | ||
| 700 | 1 | _aMcIntosh, Stewart | |
| 942 | _n0 | ||
| 999 |
_c77222 _d77222 |
||